| 000 | 00469nam a2200157Ia 4500 | ||
|---|---|---|---|
| 008 | 260520s2025 xx 000 0 und d | ||
| 041 | _amar | ||
| 082 | _a080/BAD | ||
| 100 | _aबडे, विठ्ठल | ||
| 245 | _aवर्दीचा राजमार्ग | ||
| 250 | _a2nd ed | ||
| 260 |
_aपुणे _bमहाराष्ट्र पब्लिकेशन _c2025 |
||
| 300 | _a1311p. | ||
| 500 | _aCat No: 15251 | ||
| 650 | _aCOMPITITIVE EXAM | ||
| 999 |
_c1222251 _d1222251 |
||